MDQL
is popping MORE tags! Check the
thread
!
Quizzes
Events
Quiz Creation
Community
Videos
Private Events
Remove Ads
Sign In
Join for FREE
Feedback
Dark Mode
Quiz Categories
Sports
Geography
Music
Movies
Television
Just For Fun
Miscellaneous
History
Literature
Language
Science
Gaming
Entertainment
Religion
Holiday
For Kids
Quiz Lab
Recent
Popular Today
Quiz Kudos Today
Editor Picks
Curator Picks
Quizzes by...
Day
Popularity
Type
Ratings
Length
Year
Community
Subscriptions
Recent Discussions
Orange Saloon
Badges
Playlists
Quests
Create
Leaderboards
Showdown
Live 5
Trivia Bingo
Activity
Puzzle Library
Sporcle Events
Private Events
Virtual Trivia
Globe League
Become a Host
Pub Owners
SporcleCon
Opinionation
Our Games
Videos
Blog
Mobile Apps
Partnerships
Remove Ads and Go Orange
Feedback
Sports
Athletes
MLB
NBA
NHL
NFL
Soccer
Sports Teams
WWE
NCAA
Football
Premier League
Basketball
Baseball
Hockey
Golf
Tennis
Cricket
Rugby
Auto Racing
Olympics
World Cup
Sports
Athletes
MLB
NBA
NHL
NFL
Soccer
Sports Teams
WWE
NCAA
Football
Premier League
Basketball
Baseball
Hockey
Golf
Tennis
Cricket
Rugby
Auto Racing
Olympics
World Cup
Random Quiz
Search Sporcle
×
Quiz Lab
Quiz Lab
Sports
NBA
Type in answers that appear in a list
Type in answers that appear in a list
Classic
Best Score? Go Orange.
NBA broadcasters Stats
Can you name the local broadcasters for each NBA team based on their catchphrases?
By
RayAP19
15m
17 Questions
125 Plays
125 Plays
125 Plays
Comments
Comments
Give Quiz Kudos
Give Quiz Kudos
-
- Ratings
hide this ad
Forced Order
Answers have to be entered in order
Answers have to be entered in order
Replay
Link that replays current quiz
Next Quiz
Link to next quiz in quiz playlist
You Got
0%
They Got
Avg Score
18%
Avg Friend Score
Upgrade to see
Score Distribution
Jump to the score distribution portion of the page
Score
0/17
Timer
15:00
0
Plays Today
Catchphrase
Team/Broadcasters
% Correct
'Bang' (made shot)
Mike Breen (New York Knicks)
88.8%
'Oh me, oh my'
Ralph Lawler (Los Angeles Clippers)
32%
'With no regard for human life'
Kevin Harlan
28.8%
'If you don't like that, you don't like NBA basketball'
Grant Napear (Sacramento Kings)
24.8%
'Tommy Point'
Tommy Heinsohn (Boston Celtics)
22.4%
'Too big, too strong, too fast, too good'
Stacey King (Chicago Bulls)
20.8%
'Get that weak stuff outta here' (blocked shot)
Austin Carr (Cleveland Cavaliers)
15.2%
'Kaboom' (made shot)
Eric Reid (Miami Heat)
14.4%
'The lob, the jam' (alley oop dunk)
Ralph Lawler (Los Angeles Clippers)
14.4%
Catchphrase
Team/Broadcasters
% Correct
'That's a man's jam'
Ian Eagle (New Jersey Nets)
11.2%
'Big time players make big time plays'
Stacey King (Chicago Bulls)
9.6%
Refers to the paint as 'The painted area'
Hubie Brown
8.8%
'Oh, mama'
Bill Land (San Antonio Spurs)
8%
'En route to the hoop' (player drives to the basket)
Marc Zumoff (Philadelphia 76ers)
6.4%
'Elevates and detonates' (slam dunk)
Tom Leander (Phoenix Suns)
5.6%
'Hangin' on a pivot' (player turning on his pivot foot)
Craig Bolerjack (Utah Jazz)
4%
'Right down Euclid' (player drives to the basket)
Fred McCleod (Cleveland Cavaliers)
3.2%
Quiz Playlist
Details
Report
Send in Message
Add To Playlist
Classic:
Type in answers that appear in a list
Forced Order:
Answers have to be entered in order
Last Updated: Feb 16, 2017
Quiz Scoreboard
CHALLENGE
Sign Up to Join the Scoreboard
Show All
Scores
Hide
Comments
May contain spoilers
Recently Published
Find the 'City' Movie
by crazypaving
Movies
60s
5x2 Blitz: Bands
by SL_Kpop136
Music
30s
Colored Red Africa Blitz
by spor1
Geography
30s
More to Explore
Quiz From the Vault
Featured Blog Post
14 Easter Pick-up Lines to Find Eggs With
hide this ad
You Might Also Like...
Tags
Basketball Quiz
NBA Quiz
Broadcaster
catchphrase
local
team
Today's Top Quizzes in Sports
Browse Sports
hide this ad
Today's Top Quizzes in NBA
Browse NBA
Top Contributed Quizzes in Sports
1
Players with Multiple 50 Home Run Seasons
2
Les entraîneurs de l'OM et du PSG au 21e siècle
3
Criteria MLB: Left Handed Sluggers
4
2022 World Cup Stars
5
Les meilleurs buteurs des matchs entre le PSG et l’OM
6
Who Hit More Homers?
7
Les joueurs passés par le PSG et l'OM
8
NBA Logic Puzzle 2.0
9
Top 10 NHL Goal Scorers of All Time
10
MLB Players with Two .350 Batting Average Seasons
Explore More
Trending Topics
Marvel
Crossword
Disney
NBA
Anime
Kpop
Harry Potter
Song
Country
Pokémon
Soccer
Puzzle
WWE
The Office
NFL
hide this ad
More By:
RayAP19
Quiz
Plays
Rating
Category
Featured
Created
NBA players' real names
260
1.00
Sports
Feb 7, 2010
NBA broadcasters
125
3.00
Sports
Jul 8, 2012
Go to Creator's Profile
Score Distribution
Quiz Creator Spotlight
RayAP19
Follow
Send a Message
Quizzes Created
-
Created Quiz Play Count
-
More By This Creator
Popular Quizzes Today
1
Colored Red Africa Blitz
2
Find the 'City' Movie
3
Find the US States - No Outlines Minefield
4
5x2 Blitz: Bands
5
The Countries of the World
6
Find the US States
7
US States
8
9x9 Crossword: Cartoon Network
More Sports Quizzes
Most Recent England Cricket Debutants From Each County
Quiz Lab
Trending Quizzes
Colored Red Europe Blitz I
Colored Red Europe Blitz II
Colored Red Africa Blitz II
Colored Red Europe Blitz III
Colored Red Africa Blitz III
Recently Updated
How Do You Spell That?
pecheneg
Godzilla Movies
pecheneg
Grab Bag: 4-10 Letters
pecheneg
2024 March Madness Bracket
pecheneg
Famous TV Couples
Peacemaker
Champions League XIs: Real Madrid
pecheneg
Largest US Cities 1790-2010
pecheneg
Rides in Walt Disney World
pecheneg
Most Oscar Losses (Acting)
pecheneg
Beyoncé Albums
pecheneg
Trending Topics
Harry Potter
Crossword
NBA
Disney
Anime
Marvel
Kpop
Country
NFL
Soccer
Song
The Office
Puzzle
Pokémon
WWE
Your Account Isn't Verified!
In order to create a playlist on Sporcle, you need to verify the email address you used during registration. Go to your
Sporcle Settings
to finish the process.
Report this User
Report this user for behavior that violates our
Community Guidelines
.
Details:
Send Report
Go to the Sporcle.com Mobile Site →
Comments